000
00350nam a2200157Ia 4500
100
_a
Tsividis/Yannis
650
_a
MOS
942
_c
BK
366
_f
20
245
_a
Operation and modeling of the MOS transistor
260
_b
Oxford university press
_c
1999
082
_a
621.3815
_b
SHE
300
_a
620
546
_a
ENGLISH
_c
TTL
999
_c
21204
_d
21204